00274nam a2200121Ia 4500008004100000041000900041082001500050100001700065245002100082260003300103300000800136650000800144230718s9999 xx 000 0 und d aEng. a823bCEL-C aCellos, Rose 0aColond Pansker's aPakistanbA vingo bookc2001 a308 aLaw